| 000 | 01393nam0a2200361 4500 | ||
|---|---|---|---|
| 001 | RU\NLR\bibl\358878 | ||
| 005 | 20250621155959.0 | ||
| 021 |
_aRU _b2002-55076 _92676 |
||
| 035 | _a(NLR Aleph) 000353506 | ||
| 090 |
_a290842 _c290842 |
||
| 100 | _a20030117d2002 |||y0rusy50 ca | ||
| 101 | 0 | _arus | |
| 102 | _aRU | ||
| 105 | _ay ||||||||| | ||
| 200 | 1 |
_aИздательская деятельность _eУчет и налоги _f[Авт.-сост. Трубников А. А.] |
|
| 210 |
_aМ. _cАИН _d2002 |
||
| 215 |
_a61 с. _d22 |
||
| 225 | 1 | _aСерия "Бухгалтерский учет, аудит и налогообложение" | |
| 225 | 1 |
_aБиблиотечка "АИН" _v6/48/02 |
|
| 606 | 0 |
_aИздательское дело _xЭкономика _yРоссийская Федерация _92276213 _3RU\NLR\auth\661364032 |
|
| 610 | 0 | _aБухгалтерский учет в издательствах | |
| 610 | 0 | _aИздательства - Налоговое обложение | |
| 675 |
_a655.1/.3:657.2 _v3 _zrus |
||
| 686 |
_a60 _2rugasnti |
||
| 686 |
_a65.052 _2rubbk |
||
| 686 | _aЧ617.4(2)8 | ||
| 702 | 1 |
_aТрубников _bА. А. _gАлександр Александрович _4220 |
|
| 801 | 0 |
_aRU _bRKP _c20030117 _gPSBO |
|
| 801 | 1 |
_aRU _bRKP _c20030117 |
|
| 801 | 2 |
_aRU _bNLR _c20030220 _grcr |
|
| 942 | _cBOOK | ||
| 980 | _aNB | ||